000 00765nam a22002057a 4500
999 _c13382
_d13382
005 20181114162544.0
010 _aB-267050-076
020 _a8188148547
_c199.00
035 _aB-267050-076
035 _aB-267070
082 _a030
100 _aTaylor, Barbara
245 _aFirst encyclopedia:
_bthe essential first reference book for young readers /
_cby Barbara Taylor
260 _aNew Delhi
_bDolphin Press
_c2007
260 _bBlue Berry (Vender)
270 _bNew Delhi
_aB-17, 2nd Floor, Lajpat Nagar 2,
_e110024
300 _a64p.:
_bcol. ill.
_c28 cm (Hb)
942 _2ddc
_cCH
_h030
_mTAY